Tous les blasons de L'Ain - Statistiques

Statistiques générales
  • Ce quiz a été pris 5 fois
  • Le résultat moyen est 10 sur 181
Statistiques - réponses
Par images Réponse % Correct
Belley
67%
Bourg-en-Bresse
67%
Oyonnax
67%
Saint-Denis-lès-Bourg
67%
Ambérieux-en-Dombes
33%
Beynost
33%
Cormaranche-en-Bugey
33%
Dortan
33%
Feillens
33%
Gex
33%
Izernore
33%
Lagnieu
33%
Manziat
33%
Montluel
33%
Montréal-la-Cluse
33%
Montrevel-en-Bresse
33%
Nantua
33%
Nurieux-Volognat
33%
Pont-de-Vaux
33%
Pont-de-Veyle
33%
Replonges
33%
Saint-Denis-en-Bugey
33%
Saint-Étienne-du-Bois
33%
Saint-Maurice-de-Beynost
33%
Saint-Rambert-en-Bugey
33%
Saint-Sorlin-en-Bugey
33%
Villars-les-Dombes
33%
Ambérieu-en-Bugey
0%
Ambronay
0%
Ambutrix
0%
Aranc
0%
Arbent
0%
Argis
0%
Ars-sur-Formans
0%
Artemare
0%
Attignat
0%
Bâgé-Dommartin
0%
Bâgé-le-Châtel
0%
Balan
0%
Béligneux
0%
Bellignat
0%
Birieux
0%
Bouligneux
0%
Bourg-Saint-Christophe
0%
Brégnier-Cordon
0%
Brénod
0%
Bressolles
0%
Buellas
0%
Cerdon
0%
Cessy
0%
Ceyzériat
0%
Chalamont
0%
Challex
0%
Champagne-en-Valromey
0%
Champdor
0%
Chaneins
0%
Chaneins
0%
Charnoz-sur-Ain
0%
Château-Gaillard
0%
Châtenay
0%
Châtillon-la-Palud
0%
Châtillon-sur-Chalaronne
0%
Chazey-sur-Ain
0%
Cheignieu-la-Balme
0%
Chevroux
0%
Chevry
0%
Coligny
0%
Collonges
0%
Corcelles
0%
Corlier
0%
Cormoranche-sur-Saône,
0%
Courmangoux
0%
Crozet
0%
Cuzieu
0%
Dagneux
0%
Divonne-les-Bains
0%
Domsure
0%
Douvres
0%
Druillat
0%
Échallon
0%
Échenevex
0%
Farges
0%
Ferney-Voltaire
0%
Foissiat
0%
Gorrevod
0%
Grand-Corent
0%
Grièges
0%
Grilly
0%
Hauteville-Lompnes
0%
Izenave
0%
Jassans-Riottier
0%
Jasseron
0%
L'Abergement-de-Varey
0%
La Boisse
0%
Léaz
0%
Lélex
0%
Lent
0%
Le Plantay
0%
Lhuis
0%
Loyettes
0%
Maillat
0%
Marlieux
0%
Meillonnas
0%
Meximieux
0%
Mijoux
0%
Miribel
0%
Mogneneins
0%
Montceaux
0%
Neuville-les-Dames
0%
Neuville-sur-Ain
0%
Niévroz
0%
Oncieu
0%
Ornex
0%
Ozan
0%
Péron
0%
Péronnas
0%
Pérouges
0%
Peyzieux-sur-Saône
0%
Pizay
0%
Polliat
0%
Poncin
0%
Pont-d'Ain
0%
Pougny
0%
Prémeyzel
0%
Prémillieu
0%
Prévessin-Moëns
0%
Priay
0%
Revonnas
0%
Rignieux-le-Franc
0%
Romans
0%
Saint-Cyr-sur-Menthon
0%
Saint-Didier-d'Aussiat
0%
Saint-Didier-de-Formans
0%
Saint-Didier-sur-Chalaronne
0%
Sainte-Croix
0%
Sainte-Euphémie
0%
Sainte-Olive
0%
Saint-Genis-Pouilly
0%
Saint-Georges-sur-Renon
0%
Saint Germain-de-Joux
0%
Saint-Germain-sur-Renon
0%
Saint-Jean-de-Gonville
0%
Saint-Jean-de-Niost
0%
Saint-Jean-le-Vieux
0%
Saint-Jean-sur-Veyle
0%
Saint-Laurent-sur-Saône
0%
Saint-Maurice-de-Gourdans
0%
Saint-Maurice-de-Rémens
0%
Saint-Sulpice
0%
Saint-Trivier-de-Courtes
0%
Saint-Trivier-sur-Moignans
0%
Saint-Vulbas
0%
Sandrans
0%
Sault-Brénaz
0%
Sauverny
0%
Savigneux
0%
Ségny
0%
Sergy
0%
Servas
0%
Seyssel
0%
Tenay
0%
Thézillieu
0%
Thoiry
0%
Thoissey
0%
Tossiat
0%
Tramoyes
0%
Trévoux
0%
Valeins
0%
Varambon
0%
Vaux-en-Bugey
0%
Verjon
0%
Versonnex
0%
Vesancy
0%
Vescours
0%
Villebois
0%
Villeneuve
0%
Villereversure
0%
Villette-sur-Ain
0%
Viriat
0%
Virieu-le-Grand
0%
Vonnas
0%
Aucun quiz correspondant
Distribution des résultats
% des personnes avec chaque résultat
Percentile par nombre de réponses
Votre historique - résultats
Vous n’avez pas pris ce quiz